Дидактический инструмент - ключевое понятие в автоматизированном управлении познавательной деятельностью слушателей; Совершенствование систем управления качеством подготовки специалистов

Detalhes bibliográficos
Parent link:Совершенствование систем управления качеством подготовки специалистов.— 2004.— С. 78-80
Autor principal: Карякин Ю. В. Юрий Васильевич
Resumo:В фонде НТБ ТПУ отсутствует
Idioma:russo
Publicado em: 2004
Assuntos:
Formato: MixedMaterials Capítulo de Livro
KOHA link:https://koha.lib.tpu.ru/cgi-bin/koha/opac-detail.pl?biblionumber=599437

MARC

LEADER 00000naa0a2200000 4500
001 599437
005 20250414140614.0
035 |a (RuTPU)RU\TPU\tpu\23502 
035 |a RU\TPU\tpu\23458 
090 |a 599437 
100 |a 20130820d2004 k y0rusy50 ca 
101 0 |a rus 
102 |a RU 
200 1 |a Дидактический инструмент - ключевое понятие в автоматизированном управлении познавательной деятельностью слушателей  |f Ю. В. Карякин 
333 |a В фонде НТБ ТПУ отсутствует 
463 |t Совершенствование систем управления качеством подготовки специалистов  |o материалы Всероссийской научно-методической конференции, 24-26 марта 2004 г., Красноярск  |v С. 78-80  |d 2004 
610 1 |a труды учёных ТПУ 
700 1 |a Карякин  |b Ю. В.  |c специалист в области организации высшего профессионального образования  |c ведущий эксперт Томского политехнического университета, кандидат технических наук  |f 1939-  |g Юрий Васильевич  |3 (RuTPU)RU\TPU\pers\25184 
801 1 |a RU  |b 63413507  |c 20130619 
801 2 |a RU  |b 63413507  |c 20130820  |g RCR 
850 |a 63413507 
942 |c BK